Construction activity down for third month running, albeit only marginally (Record no. 113065)
[ view plain ]
| 000 -LEADER | |
|---|---|
| fixed length control field | 00907cad a22002055a 4500 |
| 001 - CONTROL NUMBER | |
| control field | L154611 |
| 008 - FIXED-LENGTH DATA ELEMENTS--GENERAL INFORMATION | |
| fixed length control field | 120105e20120105xxk f 000 0 eng d |
| 035 ## - SYSTEM CONTROL NUMBER | |
| System control number | (Sirsi) u154611 |
| 041 0# - LANGUAGE CODE | |
| Language code of text/sound track or separate title | eng |
| 110 2# - MAIN ENTRY--CORPORATE NAME | |
| Corporate name or jurisdiction name as entry element | Markit |
| 9 (RLIN) | 5915 |
| 245 00 - TITLE STATEMENT | |
| Title | Construction activity down for third month running, albeit only marginally |
| Medium | [electronic resource] |
| 260 ## - PUBLICATION, DISTRIBUTION, ETC. | |
| Date of publication, distribution, etc. | 2012 |
| 490 ## - SERIES STATEMENT | |
| Series statement | Markit News Release |
| Volume/sequential designation | 5 January 2012 |
| 520 ## - SUMMARY, ETC. | |
| Summary, etc. | Markit Germany Construction PMI key points are: activity falls on sharpest drop in new work since February 2010, employment up at fastest rate since March 2011, and output widely expected to fall over next 12 months. |
| 590 ## - LOCAL NOTE (RLIN) | |
| Local note | KA |
| 651 #4 - SUBJECT ADDED ENTRY--GEOGRAPHIC NAME | |
| Geographic name | Germany |
| Chronological subdivision | 1990- |
| 690 ## - LOCAL SUBJECT ADDED ENTRY--TOPICAL TERM (OCLC, RLIN) | |
| Topical term or geographic name as entry element | BUILT ENVIRONMENT-CONSTRUCTION MARKET |
| 856 40 - ELECTRONIC LOCATION AND ACCESS | |
| Uniform Resource Identifier | <a href="https://www.markiteconomics.com/MarkitFiles/Pages/ViewPressRelease.aspx?ID=9027">https://www.markiteconomics.com/MarkitFiles/Pages/ViewPressRelease.aspx?ID=9027</a> |
| Public note | View this item free of charge at www.markiteconomics.com |
| 942 ## - ADDED ENTRY ELEMENTS (KOHA) | |
| Suppress in OPAC | 0 |
| Withdrawn status | Lost status | Source of classification or shelving scheme | Damaged status | Not for loan | Home library | Current library | Shelving location | Date acquired | Total Checkouts | Full call number | Barcode | Date last seen | Copy number | Price effective from | Koha item type |
|---|---|---|---|---|---|---|---|---|---|---|---|---|---|---|---|
| Dewey Decimal Classification | Virtual | Virtual | Online | 05/01/2012 | ONLINE PUBLICATION | 154611-2001 | 06/08/2019 | 1 | 06/08/2019 | Book |